Pamiatková zóna a ochranné pásmo v obci

Bibliographic Details
Main Author: Rimbalová, Klára (Author)
Format: Article
Language:Slovak
Subjects:

MARC

LEADER 00000nab a2200000 a 4500
001 vtls001020831
003 SK-MaSNL
005 20260303035301.0
008 040720e20030000xo 0 slo
035 |a SN6732 
040 |a SNSK  |b slo  |c SNSK  |e AACR2 
041 0 |a slo 
044 |a xo  |c SK 
080 |a 719  |2 1981 
080 |a 904  |2 1981 
080 |a 340.13  |2 1981 
100 1 |a Rimbalová, Klára  |4 aut  |9 1021840 
245 1 0 |a Pamiatková zóna a ochranné pásmo v obci 
650 0 7 |a zóny pamiatkové  |2 SNSK  |9 1019871 
650 0 7 |a opatrenia  |2 SNSK  |9 373813 
651 7 |a Markušovce (Slovensko)  |2 SNSK  |9 31735 
651 7 |a SN,  |2 SNSK  |9 1021277 
655 7 |a periodikum  |2 snkbucl  |9 29553 
773 0 8 |t Markušovský spravodaj  |g Roč. 7, č.3 (2003), s. 3 
852 |a ZVYKNI  |b KIS3GCP 
999 |c 1676853  |d 1678783